| 000 | 01137nam a22002177a 4500 | ||
|---|---|---|---|
| 999 |
_c59327 _d59327 |
||
| 003 | Ge_BSU | ||
| 005 | 20230123124913.0 | ||
| 008 | 230123s2021 ge ||||| |||| 00| 0 geo d | ||
| 020 | _a9789941972119 | ||
| 041 | _ageo | ||
| 080 | _a633/635(213):631.5(075.8) რ-36 | ||
| 100 |
_aრევიშვილი, თემურ _916752 |
||
| 245 |
_aსუბტროპიკული კულტურების ტექნოლოგია / _cთემურ რევიშვილი, თამაზ მიქაძე ; საქართველოს აგრარული უნივერსიტეტი. |
||
| 264 |
_aთბილისი, _c2021. |
||
| 300 |
_a256 გვ. : _bცხრ. ; _c20 სმ. |
||
| 504 | _aბიბლიოგრაფია: გვ. 246-253. | ||
| 653 | _aსუბტროპიკული კულტურების აგროტექნიკა | ||
| 700 |
_aმიქაძე, თამაზ _eავტორი _916753 |
||
| 710 |
_aსაქართველოს აგრარული უნივერსიტეტი. _916731 |
||
| 942 |
_2udc _cBK |
||